000 00350nam a2200145Ia 4500
005 20251222152621.0
008 251222s9999||||xx |||||||||||||| ||spa||
020 _a9788498007565
082 _a813.54/S55
100 _aSilverberg, Robert
245 0 _aEl Hombre en el Laberinto
250 _a1ra.ed.
264 _bFactoria de Idesas
942 _cLIB
999 _c27355
_d27355